Die 7 Kontinente nach Fläche/Einwohner/EW-Dichte - Statistiken

Allgemein
  • Dieses Quiz wurde 136 mal gespielt
  • Das Durchschnittsergebnis liegt bei 16 aus 21
Antwortstatistiken
Hint Antwort % Korrekt
1 44,4 Asien
97%
2 30,3 Afrika
94%
3 24,9 Nordamerika
94%
6 10,5 Europa
92%
4 17,8 Südamerika
91%
7 8,5 Australien und Ozeanien
90%
1 4750 Asien
89%
2 1400 Afrika
85%
5 13,2 Antarktika
84%
3 730 Europa
83%
4 605 Nordamerika
76%
5 441 Südamerika
76%
6 45 Australien und Ozeanien
74%
7 0,001 Antarktika
71%
1 107 Asien
68%
2 69,4 Europa
62%
3 46,2 Afrika
54%
4 24,7 Südamerika
48%
7 0 Antarktika
43%
5 21,3 Nordamerika
43%
6 5,3 Australien und Ozeanien
42%
Keine übereinstimmenden Quizze gefunden
Verteilung der Resultate
Anzahl Personen mit jedem Resultat
Perzentil nach korrekt beantworteten Fragen
Ihre Resultats-Entwicklung
Sie haben dieses Quiz noch nicht gespielt